[Event "Politiken Cup"]
[Site "Copenhagen"]
[Date "2006.07.30"]
[Round "9.96"]
[White "Jensen, Søren Holm"]
[Black "Al-Saad, Mofid"]
[Result "1-0"]
[WhiteElo "1902"]
[BlackElo "1822"]
[PlyCount "131"]
[EventDate "2006.??.??"]

1. e4 Nf6 2. e5 Nd5 3. d4 d6 4. Nf3 g6 5. h3 Bg7 6. c4 Nb6 7. Be2 O-O 8. O-O
Nc6 9. Bf4 dxe5 10. dxe5 Be6 11. Qc1 Nd4 12. Re1 Nxe2+ 13. Rxe2 Qd3 14. Rd2 Qe4
15. Rd4 Qc6 16. Bh6 Rad8 17. Rh4 f6 18. Bxg7 Kxg7 19. Qh6+ Kf7 20. Qxh7+ Ke8
21. Qxg6+ Kd7 22. Qe4 Qxc4 23. Nc3 Qxe4 24. Nxe4 Kc8 25. exf6 exf6 26. Nc3 Nc4
27. b3 Nd2 28. Nd4 Bg8 29. Rd1 c5 30. Rxd2 cxd4 31. Rhxd4 Rde8 32. Kf1 a6 33.
Na4 Kb8 34. Nc5 Ka7 35. Rd7 Rb8 36. Re7 Rf7 37. Rdd7 Rxe7 38. Rxe7 Bd5 39. Rd7
Bc6 40. Re7 Rd8 41. f3 Rd1+ 42. Kf2 Rd5 43. Ne4 Ra5 44. Nc3 Rc5 45. Re3 f5 46.
Kg3 b6 47. Kf4 a5 48. g4 fxg4 49. hxg4 b5 50. a3 Kb6 51. Rd3 Kc7 52. Ke3 Re5+
53. Kf2 Rc5 54. f4 b4 55. axb4 axb4 56. Ne2 Rc2 57. Ke3 Rb2 58. Nd4 Bd5 59. Nc2
Bxb3 60. Nxb4 Bc4 61. Rc3 Rxb4 62. Kd4 Kd6 63. Rxc4 Rb1 64. Ke3 Re1+ 65. Kf2
Rh1 66. Re4 1-0

[Event "Politiken Cup"]
[Site "Copenhagen"]
[Date "2006.07.30"]
[Round "9.97"]
[White "Nielsen, Frode B"]
[Black "Hyldkrog, Mikkel"]
[Result "1-0"]
[WhiteElo "2098"]
[BlackElo "1660"]
[PlyCount "71"]
[EventDate "2006.??.??"]

1. c4 e6 2. e3 Nf6 3. b3 d5 4. Bb2 c5 5. Nf3 Nc6 6. d3 b6 7. Nbd2 Bb7 8. Be2
Be7 9. O-O O-O 10. Ne5 Qc7 11. f4 Nd7 12. Ndf3 dxc4 13. dxc4 Rad8 14. Qc2 Ncxe5
15. Nxe5 Bd6 16. Nf3 Be7 17. Ng5 g6 18. e4 e5 19. Nh3 Bf6 20. Rad1 exf4 21.
Rxd7 Rxd7 22. Bxf6 Qd6 23. e5 Qd2 24. Qxd2 Rxd2 25. Bf3 Bxf3 26. Rxf3 Rxa2 27.
Nxf4 a6 28. Nd5 Rb8 29. Rh3 h5 30. g4 Kh7 31. gxh5 gxh5 32. Rxh5+ Kg6 33. Rg5+
Kh6 34. Ne7 Rb7 35. Nf5+ Kh7 36. Rg7+ 1-0

[Event "Politiken Cup"]
[Site "Copenhagen"]
[Date "2006.07.30"]
[Round "9.98"]
[White "Bjornes, Leif"]
[Black "Skjoldager, Flemming"]
[Result "1/2-1/2"]
[WhiteElo "1710"]
[BlackElo "2067"]
[PlyCount "38"]
[EventDate "2006.??.??"]

1. d4 Nf6 2. c4 e6 3. Nc3 b6 4. e4 Bb4 5. f3 Bxc3+ 6. bxc3 h6 7. Bd3 d6 8. Ne2
O-O 9. g4 e5 10. Ng3 Nh7 11. h4 f6 12. Be3 g5 13. Qd2 Qe7 14. O-O-O Rf7 15. Qh2
c5 16. d5 a6 17. Rd2 Ra7 18. Rg2 Rg7 19. Rhg1 Qe8 1/2-1/2

[Event "Politiken Cup"]
[Site "Copenhagen"]
[Date "2006.07.30"]
[Round "9.99"]
[White "Nielsen, Martin Skovsø"]
[Black "Hayes, Stuart"]
[Result "0-1"]
[WhiteElo "1650"]
[BlackElo "2039"]
[PlyCount "56"]
[EventDate "2006.??.??"]

1. e4 d5 2. exd5 Nf6 3. d4 Bg4 4. Nf3 Qxd5 5. Be2 Nc6 6. Nc3 Qh5 7. h3 O-O-O 8.
O-O e5 9. Be3 exd4 10. Bxd4 Nxd4 11. Nxd4 Bxe2 12. Ncxe2 c5 13. c3 cxd4 14.
cxd4 Bd6 15. Qd3 g5 16. Qf5+ Nd7 17. Rac1+ Kb8 18. Qd3 g4 19. Ng3 Qg6 20. Qb3
gxh3 21. Rc3 h5 22. Rfc1 h4 23. a4 hxg3 24. fxg3 hxg2 25. Kxg2 Qe4+ 26. Rf3
Qe2+ 27. Rf2 Rh2+ 28. Kg1 Qxf2# 0-1

[Event "Politiken Cup"]
[Site "Copenhagen"]
[Date "2006.07.30"]
[Round "9.100"]
[White "Nielsen, Preben"]
[Black "Christensen, Jim L"]
[Result "0-1"]
[WhiteElo "1972"]
[BlackElo "1672"]
[PlyCount "50"]
[EventDate "2006.??.??"]

1. d4 d5 2. Nf3 Nf6 3. c4 e6 4. Nc3 Nbd7 5. Bg5 Be7 6. e3 O-O 7. Rc1 c6 8. Bd3
Re8 9. O-O dxc4 10. Bxc4 Nd5 11. Bxe7 Qxe7 12. e4 N5b6 13. Bb3 e5 14. d5 Nc5
15. Bc2 Bg4 16. dxc6 bxc6 17. Qe2 Ne6 18. Qe3 Nf4 19. b3 Qf6 20. g3 Qg6 21. Nh4
Qg5 22. Ng2 Bh3 23. Rfe1 Bxg2 24. h4 Qg4 25. f3 Qxg3 0-1

[Event "Politiken Cup"]
[Site "Copenhagen"]
[Date "2006.07.30"]
[Round "9.101"]
[White "Snähre, Stig Allan"]
[Black "Andersen, Daniel"]
[Result "0-1"]
[WhiteElo "1594"]
[BlackElo "1908"]
[PlyCount "64"]
[EventDate "2006.??.??"]

1. e4 g6 2. d4 Bg7 3. Nf3 d6 4. Bf4 a6 5. c3 Nd7 6. Bd3 Ngf6 7. O-O O-O 8. Re1
Nh5 9. Bg5 h6 10. Be3 e5 11. dxe5 Nxe5 12. Nxe5 dxe5 13. Be2 Nf4 14. Bf1 Qe7
15. Qc1 g5 16. Nd2 c5 17. Nc4 Be6 18. a4 b5 19. Nb6 Rad8 20. a5 c4 21. Qc2 f5
22. Rad1 fxe4 23. g3 Nd3 24. Bxd3 exd3 25. Qd2 Bg4 26. Rb1 Bf3 27. h3 Qe6 28.
Kh2 Be2 29. Rg1 Rf3 30. Rg2 e4 31. Ra1 Bf8 32. Na4 bxa4 0-1

[Event "Politiken Cup"]
[Site "Copenhagen"]
[Date "2006.07.30"]
[Round "9.102"]
[White "Hernandez Castro, Julio Cesar"]
[Black "Zyde, Fadmal"]
[Result "1-0"]
[WhiteElo "1916"]
[BlackElo "1652"]
[PlyCount "39"]
[EventDate "2006.??.??"]

1. d4 d5 2. c4 e6 3. Nc3 Bb4 4. cxd5 Qxd5 5. e3 Nf6 6. Bd2 Bxc3 7. Bxc3 Ne4 8.
Qc2 Nd7 9. Nf3 Ndf6 10. Bd3 Ng5 11. Ne5 Qxg2 12. O-O-O Nh3 13. Rdf1 O-O 14. f4
Qd5 15. e4 Qxa2 16. Kd2 Nxe4+ 17. Bxe4 Qa6 18. Bxh7+ Kh8 19. Rf3 Qd6 20. Rxh3
1-0

[Event "Politiken Cup"]
[Site "Copenhagen"]
[Date "2006.07.30"]
[Round "9.103"]
[White "Christensen, Emilie Ellegaard"]
[Black "Jensen, Paul Johan"]
[Result "0-1"]
[WhiteElo "1509"]
[BlackElo "1893"]
[PlyCount "116"]
[EventDate "2006.??.??"]

1. d4 f5 2. g3 Nf6 3. Bg2 d6 4. Nf3 c6 5. c4 Qc7 6. O-O Be6 7. b3 h6 8. Bb2 g5
9. d5 Bf7 10. Nd4 Qd7 11. Nd2 Bg7 12. Qc2 e6 13. e4 fxe4 14. dxe6 Bxe6 15. Nxe6
Qxe6 16. Nxe4 O-O 17. Rfe1 Nxe4 18. Bxg7 Kxg7 19. Qb2+ Qf6 20. Qxf6+ Nxf6 21.
Re7+ Rf7 22. Rae1 Na6 23. R7e6 Rd8 24. Bf3 Nc7 25. Re7 Rd7 26. R7e3 d5 27. cxd5
Ncxd5 28. R3e2 Rfe7 29. h4 Rxe2 30. Rxe2 Re7 31. hxg5 hxg5 32. Rc2 Kf7 33. a3
Re1+ 34. Kg2 Ra1 35. b4 Rxa3 36. Rb2 Nc7 37. Rb1 Ra6 38. Be2 Rb6 39. Bc4+ Ke7
40. f4 gxf4 41. gxf4 Nfd5 42. Kf3 Rxb4 43. Rxb4 Nxb4 44. Ke4 Nbd5 45. Ke5 a5
46. f5 b5 47. Ba2 a4 48. Kd4 Kd6 49. Bb1 c5+ 50. Kd3 Ke5 51. Kd2 Kd4 52. Ba2 b4
53. Bb1 c4 54. Kc2 Nb5 55. Kb2 c3+ 56. Ka2 Na3 57. f6 Nxf6 58. Bf5 Nc4 0-1

[Event "Politiken Cup"]
[Site "Copenhagen"]
[Date "2006.07.30"]
[Round "9.104"]
[White "Thingstad, Even"]
[Black "Harestad.Ove Henning"]
[Result "1/2-1/2"]
[WhiteElo "1861"]
[BlackElo "1590"]
[PlyCount "59"]
[EventDate "2006.??.??"]

1. c4 Nf6 2. Nc3 g6 3. g3 d5 4. cxd5 Nxd5 5. Bg2 Nxc3 6. bxc3 Bg7 7. Rb1 c6 8.
Nf3 O-O 9. O-O e5 10. d4 exd4 11. cxd4 Re8 12. e3 Nd7 13. Bd2 Rb8 14. Qb3 Nf6
15. Ne5 Be6 16. Qa3 a6 17. Ba5 Qc8 18. Rfc1 Bf8 19. Qa4 Bd5 20. f3 Nd7 21. e4
Nxe5 22. exd5 b5 23. Qd1 Nc4 24. dxc6 Nxa5 25. d5 Nc4 26. Qd3 Bc5+ 27. Kh1 Re3
28. Qd1 Qc7 29. f4 Rbe8 30. a4 1/2-1/2

[Event "Politiken Cup"]
[Site "Copenhagen"]
[Date "2006.07.30"]
[Round "9.105"]
[White "Wiggen, Frode"]
[Black "Jensen, Mads"]
[Result "0-1"]
[WhiteElo "1390"]
[BlackElo "1852"]
[PlyCount "70"]
[EventDate "2006.??.??"]

1. d4 g6 2. c4 Bg7 3. Nc3 d6 4. e4 e5 5. d5 Nd7 6. Nge2 Ne7 7. Ng3 O-O 8. Be2
f5 9. exf5 Nxf5 10. Nge4 Nf6 11. g4 Nd4 12. h3 Bd7 13. Be3 Nxe2 14. Qxe2 Qe7
15. O-O-O Rad8 16. Nxf6+ Qxf6 17. Ne4 Qf3 18. Qd3 a6 19. Rdg1 Bh6 20. Qc2 Bxe3+
21. fxe3 Qxe3+ 22. Kb1 Rf3 23. Re1 Qd3 24. Qxd3 Rxd3 25. Ref1 Kg7 26. Rf2 Rd4
27. Ng5 Rf4 28. Rxf4 exf4 29. Rf1 h6 30. Nf3 g5 31. Re1 Re8 32. Rxe8 Bxe8 33.
Kc2 Bg6+ 34. Kc3 Be4 35. Nd2 Bg2 0-1

[Event "Politiken Cup"]
[Site "Copenhagen"]
[Date "2006.07.30"]
[Round "9.106"]
[White "Zyde, Furat"]
[Black "Jacobsen, Maria Pitz"]
[Result "1-0"]
[WhiteElo "1200"]
[BlackElo "1848"]
[PlyCount "55"]
[EventDate "2006.??.??"]

1. e4 e5 2. Nf3 Nc6 3. Bc4 Bc5 4. Nc3 Nf6 5. d3 h6 6. O-O d6 7. h3 Bd7 8. Nh2
O-O 9. Nd5 Nxd5 10. Bxd5 Rb8 11. c3 Qe8 12. Ng4 Kh7 13. Nf6+ gxf6 14. Qh5 Be6
15. Qxh6+ Kg8 16. Bxc6 bxc6 17. Qh4 Kg7 18. Qh6+ Kg8 19. d4 exd4 20. f4 dxc3+
21. Kh1 cxb2 22. Rf3 Bf5 23. Bxb2 Rxb2 24. exf5 Rxg2 25. Kxg2 Qe2+ 26. Kg3 Bd4
27. Raf1 Re8 28. Kh4 1-0

[Event "Politiken Cup"]
[Site "Copenhagen"]
[Date "2006.07.30"]
[Round "9.107"]
[White "Steinskog, Asbjørn Ottesen"]
[Black "Christensen, Verner"]
[Result "1/2-1/2"]
[WhiteElo "1018"]
[BlackElo "1846"]
[PlyCount "69"]
[EventDate "2006.??.??"]

1. e4 e5 2. Nf3 Nc6 3. Bb5 f5 4. d4 fxe4 5. Nxe5 Qf6 6. Bxc6 bxc6 7. Nc3 Bb4 8.
O-O d5 9. f3 e3 10. Bxe3 Ne7 11. Qd2 O-O 12. a3 Ba5 13. Bg5 Bxc3 14. bxc3 Qe6
15. Bxe7 Qxe7 16. Nxc6 Qd6 17. Nb4 Bf5 18. Rfe1 a5 19. Nd3 Rfe8 20. Rxe8+ Rxe8
21. a4 Kf7 22. Ne5+ Kg8 23. Nd3 Qe6 24. Re1 Qd7 25. Nc5 Rxe1+ 26. Qxe1 Qd8 27.
Nb7 Qd7 28. Nc5 Qd8 29. Qe5 Bxc2 30. Ne6 Qd7 31. Nxc7 Bxa4 32. Qxd5+ Qxd5 33.
Nxd5 Bb3 34. Nb6 a4 35. Nxa4 1/2-1/2

[Event "Politiken Cup"]
[Site "Copenhagen"]
[Date "2006.07.30"]
[Round "9.108"]
[White "Lavresen, Frands Winther"]
[Black "Marcussen, Johnni A"]
[Result "1-0"]
[WhiteElo "1764"]
[BlackElo "1563"]
[PlyCount "49"]
[EventDate "2006.??.??"]

1. f4 e5 2. fxe5 d6 3. exd6 Bxd6 4. Nf3 g5 5. g3 g4 6. Nh4 f5 7. e3 Bd7 8. d4
Be7 9. Ng2 Bc6 10. Nc3 Nf6 11. Rg1 Ne4 12. Bd2 h5 13. Nf4 h4 14. d5 Bd7 15.
Nxe4 fxe4 16. Bc3 Rh6 17. Qd2 hxg3 18. hxg3 Bf6 19. O-O-O c6 20. Bxf6 Qxf6 21.
Qd4 cxd5 22. Qxd5 Bc6 23. Qg8+ Ke7 24. Qd8+ Kf7 25. Bc4+ 1-0

[Event "Politiken Cup"]
[Site "Copenhagen"]
[Date "2006.07.30"]
[Round "9.110"]
[White "Karstensen, Christian"]
[Black "Gade, Jens"]
[Result "1-0"]
[WhiteElo "1741"]
[BlackElo "1395"]
[PlyCount "67"]
[EventDate "2006.??.??"]

1. e4 c5 2. Nf3 d6 3. d4 cxd4 4. Nxd4 Nf6 5. Nc3 a6 6. Bg5 e6 7. f4 Be7 8. Qf3
e5 9. Bxf6 Bxf6 10. Nde2 O-O 11. O-O-O exf4 12. Nxf4 Be5 13. Ncd5 Nc6 14. Bc4
b5 15. Bb3 Nd4 16. Qe3 Nxb3+ 17. Qxb3 Be6 18. Qe3 g5 19. Nd3 Bxd5 20. Nxe5 dxe5
21. Rxd5 Qe7 22. Rhd1 f6 23. Rd7 Qe6 24. h4 Qxa2 25. hxg5 Qa1+ 26. Kd2 Qxb2 27.
gxf6 Qb4+ 28. Kc1 Rxf6 29. Qg5+ Rg6 30. Rd8+ Rxd8 31. Rxd8+ Kf7 32. Qf5+ Rf6
33. Qxh7+ Ke6 34. Qd7# 1-0

[Event "Politiken Cup"]
[Site "Copenhagen"]
[Date "2006.07.30"]
[Round "9.111"]
[White "Rasmussen, Bent"]
[Black "Roelvaag.Anders Birk"]
[Result "1/2-1/2"]
[WhiteElo "1646"]
[BlackElo "1274"]
[PlyCount "115"]
[EventDate "2006.??.??"]

1. d4 Nf6 2. c4 g6 3. Nc3 Bg7 4. e4 d6 5. Nf3 O-O 6. Be2 c5 7. Be3 cxd4 8. Nxd4
Bd7 9. O-O Nc6 10. f3 Qb6 11. Qd2 Nxe4 12. fxe4 Bxd4 13. Bf2 Bxf2+ 14. Rxf2 Ne5
15. Nd5 Qd8 16. h3 Bc6 17. Raf1 a6 18. Qh6 Bxd5 19. cxd5 Qb6 20. Kh1 Qd4 21.
Rf4 Nd7 22. Rh4 Qg7 23. Qd2 Nf6 24. Rhf4 Rac8 25. Qb4 Rc7 26. R4f2 Rfc8 27. Bf3
Qh6 28. Qb3 Qf8 29. Qe3 Qe8 30. e5 dxe5 31. Qxe5 Rd7 32. g4 Rcd8 33. Rd2 Rd6
34. Re1 Qb5 35. Red1 Qd7 36. Kg2 b5 37. g5 Ne8 38. Bg4 e6 39. h4 Qb7 40. Bf3
Nc7 41. Kg3 Nxd5 42. h5 gxh5 43. Rh2 R6d7 44. Rxh5 Qc7 45. Qxc7 Nxc7 46. Rdh1
Rd3 47. Rxh7 Kf8 48. g6 R8d7 49. Rxf7+ Rxf7 50. gxf7 Nd5 51. Rh8+ Kxf7 52. Ra8
e5 53. Kf2 Nf4 54. Rxa6 Rd2+ 55. Ke3 Rxb2 56. Ke4 Ne2 57. Kxe5 Nc3 58. Bd5+
1/2-1/2

[Event "Politiken Cup"]
[Site "Copenhagen"]
[Date "2006.07.30"]
[Round "9.112"]
[White "Christensen, Svend Ib"]
[Black "Jensen, Jan Erik"]
[Result "1/2-1/2"]
[WhiteElo "1636"]
[BlackElo "1304"]
[PlyCount "103"]
[EventDate "2006.??.??"]

1. d4 d5 2. Nf3 Nc6 3. Bf4 Bg4 4. h3 Bxf3 5. exf3 a6 6. c3 e6 7. Bd3 Nf6 8. O-O
Bd6 9. Bg5 h6 10. Bh4 g5 11. Bg3 Bxg3 12. fxg3 Qe7 13. Re1 O-O-O 14. Qa4 Nb8
15. Nd2 Qd7 16. Qc2 Nh5 17. Nf1 Qd6 18. Kf2 Ng7 19. Qe2 f5 20. Qe5 Qxe5 21.
Rxe5 Nd7 22. Re2 h5 23. Rae1 Rde8 24. f4 g4 25. c4 Nf6 26. Kg1 c6 27. Rc1 Kd7
28. Rec2 Rc8 29. b4 dxc4 30. Bxc4 Nd5 31. a3 Rc7 32. Kf2 Rhc8 33. Nd2 Nb6 34.
Bb3 Ne8 35. Re1 Ng7 36. hxg4 hxg4 37. Rh1 Ke7 38. Nc4 Nxc4 39. Bxc4 Rd7 40. Rh7
Kf6 41. Rh6+ Kf7 42. Re2 Re8 43. Ke3 Rdd8 44. Kd3 Rd6 45. Kc3 Red8 46. Re3 R8d7
47. a4 b5 48. axb5 axb5 49. Bb3 Ra7 50. Rh1 Rd8 51. Rhe1 Rd6 52. Re5 1/2-1/2

[Event "Politiken Cup"]
[Site "Copenhagen"]
[Date "2006.07.30"]
[Round "9.113"]
[White "Harders, Poul Erik"]
[Black "Jensen, Frederik Jessin"]
[Result "1-0"]
[WhiteElo "1585"]
[BlackElo "1317"]
[PlyCount "93"]
[EventDate "2006.??.??"]

1. d4 g6 2. c4 Bg7 3. Nc3 b6 4. e4 Bb7 5. Be3 e6 6. Nf3 Ne7 7. Be2 O-O 8. O-O
d6 9. Qd2 c5 10. Rfd1 Qc7 11. Nb5 Qd7 12. dxc5 bxc5 13. Nxd6 Nbc6 14. Bxc5 Rad8
15. Qc2 Qc7 16. Rd2 Rd7 17. Rad1 Rfd8 18. Nxb7 Rxd2 19. Rxd2 Rxd2 20. Qxd2 Qxb7
21. b3 Bf6 22. g3 g5 23. Nxg5 Ng6 24. h4 Nce5 25. f4 Bxg5 26. hxg5 Nd7 27. Be3
Qxe4 28. Qd3 Qb7 29. Bd2 Nc5 30. Qd8+ Nf8 31. Qd4 Ncd7 32. Bc3 Qb6 33. b4 Qxd4+
34. Bxd4 Nb6 35. Kf2 Nfd7 36. Bxb6 axb6 37. Ke3 Kf8 38. Bd3 Kg7 39. a4 f6 40.
gxf6+ Kxf6 41. Bxh7 e5 42. Bg8 Kf5 43. g4+ Kxg4 44. Be6+ Kg3 45. Bxd7 exf4+ 46.
Ke2 Kg2 47. Bc6+ 1-0

[Event "Politiken Cup"]
[Site "Copenhagen"]
[Date "2006.07.30"]
[Round "9.114"]
[White "Mølvig, Julius"]
[Black "Ontiveros, John"]
[Result "0-1"]
[WhiteElo "1000"]
[BlackElo "1560"]
[PlyCount "114"]
[EventDate "2006.??.??"]

1. d4 d5 2. c4 c6 3. Nc3 Nf6 4. Nf3 e6 5. Bf4 Bb4 6. e3 O-O 7. Bd3 Nbd7 8. O-O
Bxc3 9. bxc3 dxc4 10. Bxc4 Nb6 11. Bd3 Nbd5 12. Be5 Nxc3 13. Qc2 Ncd5 14. e4
Nb4 15. Qb3 Nxd3 16. Qxd3 Nd7 17. Bd6 Re8 18. Ne5 Nxe5 19. dxe5 b6 20. Rac1 c5
21. Rfd1 Bb7 22. Rc2 Qd7 23. Rc4 Ba6 24. Qb3 Bxc4 25. Qxc4 Qc6 26. a4 Red8 27.
h3 a6 28. a5 b5 29. Qc2 c4 30. Bb4 Rxd1+ 31. Qxd1 Qxe4 32. Qd6 Qd5 33. Qc7 h6
34. Kh1 Rd8 35. Bd6 Qa8 36. Kh2 Qc8 37. Qb6 c3 38. Qe3 c2 39. Qc1 Qc6 40. Kg1
b4 41. Kf1 b3 42. Ba3 Rd1+ 43. Ke2 Rxc1 44. Bxc1 b2 45. Bxb2 c1=Q 46. Bxc1 Qxc1
47. Kf3 Qc3+ 48. Ke2 Qxe5+ 49. Kf3 Qxa5 50. Ke3 Qc5+ 51. Kf3 Qc3+ 52. Ke2 a5
53. Kd1 Qb2 54. Ke1 a4 55. Kd1 a3 56. Ke1 a2 57. Kf1 a1=Q# 0-1

[Event "Politiken Cup"]
[Site "Copenhagen"]
[Date "2006.07.30"]
[Round "9.115"]
[White "Forså, Elise"]
[Black "Jørgensen, Morten"]
[Result "0-1"]
[WhiteElo "1020"]
[BlackElo "1473"]
[PlyCount "68"]
[EventDate "2006.??.??"]

1. e4 c5 2. Nf3 d6 3. d4 cxd4 4. Nxd4 Nf6 5. f3 Nc6 6. c4 g6 7. Nc3 Bg7 8. Be3
O-O 9. Qd2 a6 10. Be2 Qc7 11. O-O Bd7 12. Rfd1 Rac8 13. Rac1 e5 14. Nxc6 Bxc6
15. Qxd6 Qa5 16. Qc5 Bb5 17. Qxe5 Ng4 18. Qg5 Bh6 19. Qxg4 Bxe3+ 20. Kh1 Bxc1
21. cxb5 Bxb2 22. Nd5 Rc2 23. f4 Bg7 24. bxa6 bxa6 25. e5 Rd2 26. Rxd2 Qxd2 27.
Ne7+ Kh8 28. h3 Qxa2 29. f5 Qb1+ 30. Kh2 Bxe5+ 31. g3 Bf6 32. fxg6 fxg6 33. Nd5
Bg7 34. h4 Rf2+ 0-1

[Event "Politiken Cup"]
[Site "Copenhagen"]
[Date "2006.07.30"]
[Round "9.116"]
[White "Larsen, Alex"]
[Black "Ovesen, Karsten"]
[Result "0-1"]
[WhiteElo "1171"]
[BlackElo "1407"]
[PlyCount "44"]
[EventDate "2006.??.??"]

1. c4 Nf6 2. Nc3 c6 3. Nf3 d5 4. d4 Bf5 5. Bg5 Nbd7 6. b3 Qa5 7. Bd2 Qd8 8. Bf4
e6 9. e3 Bb4 10. Rc1 Qa5 11. Bd3 Bxc3+ 12. Ke2 Bxd3+ 13. Qxd3 Ne4 14. Bd6 Nxd6
15. Rxc3 Qxa2+ 16. Rc2 Qa6 17. Ng5 Nf6 18. Qc3 Nfe4 19. Nxe4 Nxe4 20. Qb2 O-O
21. f3 dxc4 22. fxe4 c3+ 0-1

[Event "Politiken Cup"]
[Site "Copenhagen"]
[Date "2006.07.30"]
[Round "9.117"]
[White "Muratet Casadevall, Elias"]
[Black "Christensen, Casper"]
[Result "1-0"]
[WhiteElo "1978"]
[BlackElo "1252"]
[PlyCount "79"]
[EventDate "2006.??.??"]

1. d4 d5 2. Bf4 e6 3. e3 Bd6 4. g3 Nc6 5. Nf3 a6 6. Nbd2 Nge7 7. e4 dxe4 8.
Nxe4 Bb4+ 9. c3 Ba5 10. b4 Bb6 11. a4 Bd7 12. Bd3 O-O 13. O-O Ng6 14. Qc2 Rc8
15. Rfd1 Qe7 16. Re1 Qd8 17. Rad1 Re8 18. h4 h6 19. h5 Nf8 20. b5 axb5 21. axb5
Na7 22. c4 Ra8 23. Ra1 c6 24. Nd6 Re7 25. Nxb7 Qc8 26. Nd6 Qd8 27. c5 Bc7 28.
b6 Bxd6 29. Bxd6 Re8 30. Rxa7 Rxa7 31. bxa7 Qa5 32. Bb8 Bc8 33. Qb1 Re7 34. Qb6
Qa3 35. Ba6 Rxa7 36. Bxa7 Bxa6 37. Qxc6 Bc4 38. Qb6 Qc3 39. c6 Bd5 40. Qc5 1-0

[Event "Politiken Cup"]
[Site "Copenhagen"]
[Date "2006.07.30"]
[Round "9.118"]
[White "Traerup, Jorgen"]
[Black "Muratet Esteban, Elias"]
[Result "1-0"]
[WhiteElo "1855"]
[BlackElo "1790"]
[PlyCount "99"]
[EventDate "2006.??.??"]

1. e4 d5 2. exd5 Qxd5 3. Qf3 Nf6 4. Qxd5 Nxd5 5. Bc4 Nf4 6. g3 Nh3 7. d3 Nxg1
8. Rxg1 Bg4 9. Bf4 c6 10. Nd2 e6 11. Kf1 Bh3+ 12. Ke2 Bc5 13. Kf3 Bf5 14. Rge1
O-O 15. Ne4 Bb6 16. Nd6 Nd7 17. Nxb7 Rfe8 18. Nd6 Re7 19. Nxf5 Ree8 20. Nd6
Red8 21. Ne4 h6 22. h4 Kh7 23. a4 a5 24. Rad1 c5 25. Be3 Ne5+ 26. Kg2 Rac8 27.
Ba6 Rc7 28. Bf4 Ra7 29. Bxe5 Rxa6 30. c3 f6 31. Bf4 e5 32. Be3 Rc8 33. Rc1 Raa8
34. b4 axb4 35. cxb4 Rxa4 36. bxc5 Ba5 37. Re2 Ra3 38. Nd6 Rc6 39. Nc4 Ra4 40.
Nxa5 Rxa5 41. Rb2 Raa6 42. d4 exd4 43. Bxd4 Kg6 44. f3 Kf5 45. Be3 Ra3 46. Kf2
Re6 47. g4+ Kg6 48. Bf4 Raa6 49. Bd6 Rc6 50. Re1 1-0

[Event "Politiken Cup"]
[Site "Copenhagen"]
[Date "2006.07.30"]
[Round "9.119"]
[White "Stangeland, Maren"]
[Black "Jorgensen, Orla Eilegaard"]
[Result "1-0"]
[WhiteElo "1146"]
[BlackElo "1771"]
[PlyCount "73"]
[EventDate "2006.??.??"]

1. e4 c5 2. b3 Nc6 3. f4 d6 4. Bb2 Nf6 5. Nc3 g6 6. Qf3 Nd4 7. Qd3 Bg7 8. Nf3
Nc6 9. O-O-O O-O 10. h3 Nb4 11. Qe3 a5 12. a4 e6 13. g4 Bd7 14. g5 Nh5 15. Nh2
Bd4 16. Qf3 Bc6 17. Bb5 Bxb5 18. Nxb5 Bxb2+ 19. Kxb2 Qb6 20. Ng4 Rfd8 21. Nf6+
Nxf6 22. gxf6 d5 23. e5 c4 24. Qg3 Kf8 25. Qg5 cxb3 26. Qh6+ Ke8 27. cxb3 Nd3+
28. Kb1 Nf2 29. Qxh7 Qc5 30. Rc1 Qf8 31. Rc7 Rd7 32. Rhc1 Rad8 33. Nd6+ Rxd6
34. Re7+ Qxe7 35. fxe7 Rb6 36. exd8=Q+ Kxd8 37. Qg8+ 1-0

[Event "Politiken Cup"]
[Site "Copenhagen"]
[Date "2006.07.30"]
[Round "9.120"]
[White "Nielsen, Bjørn"]
[Black "Bjarnasson, Larus H"]
[Result "0-1"]
[WhiteElo "1090"]
[BlackElo "1670"]
[PlyCount "64"]
[EventDate "2006.??.??"]

1. e4 c6 2. d4 d5 3. e5 Bf5 4. Nf3 Nd7 5. Be3 e6 6. Be2 Qb6 7. b3 Bb4+ 8. Nbd2
Bc3 9. Rb1 Qa5 10. a4 c5 11. O-O Ne7 12. dxc5 Nxe5 13. Nxe5 Bxe5 14. Nf3 Bf6
15. Qe1 Qc7 16. Qd1 O-O 17. Bd3 Rfd8 18. b4 e5 19. Bxf5 Nxf5 20. Bg5 Bxg5 21.
Nxg5 Qe7 22. Nf3 d4 23. Qe2 f6 24. h3 a5 25. Qc4+ Qf7 26. Qxf7+ Kxf7 27. b5
Rdc8 28. c6 bxc6 29. bxc6 Rxc6 30. Rb7+ Ne7 31. Rc1 Rc4 32. Rd7 Rac8 0-1

[Event "Politiken Cup"]
[Site "Copenhagen"]
[Date "2006.07.30"]
[Round "9.121"]
[White "Eiholt, Bjarne"]
[Black "Rasmussen, Rene Rosendahl"]
[Result "0-1"]
[WhiteElo "1650"]
[BlackElo "1144"]
[PlyCount "70"]
[EventDate "2006.??.??"]

1. d4 Nf6 2. c4 e6 3. Nc3 Bb4 4. Qc2 c5 5. dxc5 Bxc5 6. Nf3 O-O 7. Bg5 h6 8.
Bh4 b6 9. e3 Bb7 10. Be2 d5 11. Rd1 Be7 12. O-O Qd6 13. Bg3 Qc5 14. a3 dxc4 15.
Ne5 Qc8 16. Nxc4 Nbd7 17. Bd6 Bxd6 18. Nxd6 Qc6 19. Bf3 Nd5 20. Nxb7 Qxb7 21.
Nxd5 exd5 22. Rxd5 Rac8 23. Qd2 Nf6 24. Rd4 Qc7 25. g3 Rfd8 26. Rd1 Rxd4 27.
Qxd4 Nh7 28. Bg4 Re8 29. Qd7 Qxd7 30. Rxd7 Nf6 31. Rd4 Nxg4 32. Rxg4 Rc8 33.
Ra4 Rc7 34. b3 b5 35. Kg2 bxa4 0-1

[Event "Politiken Cup"]
[Site "Copenhagen"]
[Date "2006.07.30"]
[Round "9.122"]
[White "Hausken, Morten"]
[Black "Christensen, Simon Ellegaard"]
[Result "1/2-1/2"]
[WhiteElo "1400"]
[BlackElo "1480"]
[PlyCount "91"]
[EventDate "2006.??.??"]

1. d4 g6 2. e3 Bg7 3. f4 b6 4. Nf3 Bb7 5. Bd3 Nf6 6. O-O d5 7. Nbd2 Nbd7 8. Ne5
O-O 9. g4 e6 10. g5 Nxe5 11. fxe5 Ne4 12. h4 Nxd2 13. Bxd2 h6 14. Qg4 h5 15.
Qg3 Rc8 16. Rf4 Qe7 17. Raf1 c5 18. c3 c4 19. Bc2 Bc6 20. b3 Bb5 21. a4 cxb3
22. axb5 bxc2 23. Ra1 Qd7 24. Rff1 Qxb5 25. Bc1 Rxc3 26. Qf2 a5 27. Ba3 Rxa3
28. Rxa3 Qb1 29. Rc3 a4 30. Qxc2 Qxc2 31. Rxc2 a3 32. Ra1 Ra8 33. Rca2 Bf8 34.
Rb1 Rb8 35. Kf2 Be7 36. Ke2 Kf8 37. Kd3 Ke8 38. e4 Kd7 39. exd5 exd5 40. Rf2
Ke6 41. Rbf1 Rf8 42. Kc3 b5 43. Kb3 b4 44. Ka4 Ra8+ 45. Kb3 Rf8 46. Rf3 1/2-1/2

[Event "Politiken Cup"]
[Site "Copenhagen"]
[Date "2006.07.30"]
[Round "9.123"]
[White "Kristensen, Steffen Michael"]
[Black "Christensen, Christoffer Ellegaa"]
[Result "1/2-1/2"]
[WhiteElo "1319"]
[BlackElo "1383"]
[PlyCount "54"]
[EventDate "2006.??.??"]

1. c4 e6 2. d4 d5 3. e3 Nf6 4. Nf3 c6 5. cxd5 exd5 6. Be2 Bf5 7. O-O Bd6 8. b3
Nbd7 9. h3 O-O 10. Ba3 Bxa3 11. Nxa3 Ne4 12. Bd3 Qf6 13. Bxe4 Bxe4 14. Nd2 Qg6
15. Nxe4 Qxe4 16. Qc2 Nf6 17. Qxe4 Nxe4 18. Nc2 Rfe8 19. Nb4 Rac8 20. Rac1 Re7
21. Nxd5 Ree8 22. Nc3 Nf6 23. Rc2 Rcd8 24. Rd1 Re7 25. Rcd2 Nd5 26. Nxd5 Rxd5
27. a4 Re8 1/2-1/2

[Event "Politiken Cup"]
[Site "Copenhagen"]
[Date "2006.07.30"]
[Round "9.124"]
[White "Gjedsted, Søren Havn"]
[Black "Palvig, David Kinch"]
[Result "1/2-1/2"]
[WhiteElo "1360"]
[BlackElo "1238"]
[PlyCount "45"]
[EventDate "2006.??.??"]

1. e4 c6 2. d4 d5 3. exd5 cxd5 4. c4 Nf6 5. Bg5 Nc6 6. Nf3 Bg4 7. c5 Bxf3 8.
gxf3 e6 9. Nc3 Be7 10. Bb5 Rc8 11. Qd3 O-O 12. a3 Qa5 13. Ba4 a6 14. Bc2 Nb4
15. axb4 Qxa1+ 16. Ke2 Qxh1 17. Bxf6 Qxh2 18. Bxe7 Rfe8 19. Bd6 e5 20. dxe5
Rxe5+ 21. Bxe5 Qxe5+ 22. Qe3 Qe6 23. Bb3 1/2-1/2

[Event "Politiken Cup"]
[Site "Copenhagen"]
[Date "2006.07.30"]
[Round "9.125"]
[White "Holmen, Halfdan"]
[Black "Mossiaguine, Arina"]
[Result "1-0"]
[WhiteElo "1000"]
[BlackElo "1200"]
[PlyCount "49"]
[EventDate "2006.??.??"]

1. e4 e5 2. Nf3 Nc6 3. Nc3 Bc5 4. Bb5 a6 5. Bxc6 bxc6 6. Nxe5 Qf6 7. Nf3 Nh6 8.
d4 Be7 9. Bg5 Qe6 10. d5 cxd5 11. Qxd5 Rb8 12. Qxe6 dxe6 13. Bxe7 Kxe7 14.
O-O-O Ng4 15. Rhe1 Nxf2 16. Rd2 Ng4 17. h3 Nf6 18. Ne5 Bb7 19. Red1 Rhe8 20.
Nd7 Nxd7 21. Rxd7+ Kf8 22. Rxc7 f5 23. Rdd7 Bc8 24. Rf7+ Kg8 25. Rxg7+ 1-0